ECONOMICS FOR EVERYBODY (Record no. 72978)
[ view plain ]
| 000 -LEADER | |
|---|---|
| fixed length control field | 00229nam a2200097Ia 4500 |
| 050 ## - LIBRARY OF CONGRESS CALL NUMBER | |
| Classification number | HB 171.A58 2003 |
| 100 ## - MAIN ENTRY--PERSONAL NAME | |
| Personal name | ANTELL,GERSON |
| 245 #0 - TITLE STATEMENT | |
| Title | ECONOMICS FOR EVERYBODY |
| 942 ## - ADDED ENTRY ELEMENTS (KOHA) | |
| Koha item type | Long Loan Book |
| Withdrawn status | Lost status | Source of classification or shelving scheme | Damaged status | Not for loan | Collection | Home library | Current library | Shelving location | Date acquired | Inventory number | Total checkouts | Full call number | Barcode | Date last seen | Copy number | Price effective from | Koha item type |
|---|---|---|---|---|---|---|---|---|---|---|---|---|---|---|---|---|---|
| Library of Congress Classification | Business & Economics | Kisii University Library | Kisii University Library | On Display | 05/16/2024 | 37420 | HB 171.5 .A58 2003 | 018368 | 05/16/2024 | C.4 | 05/16/2024 | Long Loan Book | |||||
| Library of Congress Classification | Business & Economics | Kisii University Library | Kisii University Library | On Display | 05/16/2024 | 37419 | HB 171.5 .A58 2003 | 000492 | 05/16/2024 | C.3 | 05/16/2024 | Long Loan Book | |||||
| Library of Congress Classification | Business & Economics | Kisii University Library | Kisii University Library | On Display | 05/16/2024 | 83344 | HB 171.5 .A58 2003 | 001089 | 05/16/2024 | C.2 | 05/16/2024 | Long Loan Book | |||||
| Library of Congress Classification | Business & Economics | Kisii University Library | Kisii University Library | On Display | 05/16/2024 | 36589 | HB 171.5 .A58 2003 | 001090 | 05/16/2024 | C.1 | 05/16/2024 | Long Loan Book |